| 000 | 00878nam a2200241 i 4500 | ||
|---|---|---|---|
| 001 | 145988 | ||
| 003 | ES-MaACL | ||
| 005 | 20240529062946.0 | ||
| 007 | t| | ||
| 008 | 071018s1985 sp ||||1| spa d | ||
| 020 | _a84-249-0974-7 | ||
| 100 | 1 |
_aVega, Lope de, _d1562-1635 _9113563 |
|
| 245 | 1 | 4 |
_aLas hazañas del segundo David _b: auto sacramental autógrafo y desconocido / _cLope de Vega Carpio ; publicado por Juan Bautista Avalle-Arce y Gregorio Cervantes Martín. |
| 260 |
_aMadrid : _bGredos, _c1985. |
||
| 300 |
_a186 p. ; _c20 cm. |
||
| 490 | 1 |
_aBiblioteca románica hispánica. IV. Textos ; _v16 |
|
| 700 | 1 |
_aAvalle-Arce, Juan Bautista _923989 |
|
| 700 | 1 |
_aCervantes Martín, Gregorio. _937592 |
|
| 830 | 0 |
_aBiblioteca románica hispánica. IV. Textos ; _v16 _9178362 |
|
| 852 |
_aES-MaACL _jL-9708 |
||
| 852 |
_aES-MaACL _jL-8281 |
||
| 999 |
_c145988 _d145988 |
||